Điện toán căn bản thực hành trên Internet Hướng dẫn sử dụng nhanh và dễ hiểu

Saved in:
Bibliographic Details
Main Author: Nguyễn Minh Lý
Format: Book
Language:Undetermined
Published: Đồng Nai Nxb. Đồng Nai 1998
Subjects:
Tags: Add Tag
No Tags, Be the first to tag this record!
Institutions: Trung tâm Học liệu Trường Đại học Cần Thơ
LEADER 00756nam a2200181Ia 4500
001 CTU_35609
008 210402s9999 xx 000 0 und d
082 |a 004.6 
082 |b L600 
100 |a Nguyễn Minh Lý 
245 0 |a Điện toán căn bản thực hành trên Internet 
245 0 |b Hướng dẫn sử dụng nhanh và dễ hiểu 
245 0 |c Nguyễn Minh Lý 
260 |a Đồng Nai 
260 |b Nxb. Đồng Nai 
260 |c 1998 
650 |a communication - network analysis,information networks,internet ( computer network ),internet ( computer programs ),network analysis - computer programs,programming languages ( electronic computers ) 
980 |a Trung tâm Học liệu Trường Đại học Cần Thơ